Quizzes
Events
Quiz Creation
Community
Videos
Private Events
Remove Ads
Sign In
Join for FREE
Feedback
Dark Mode
Quiz Categories
Sports
Geography
Music
Movies
Television
Just For Fun
Miscellaneous
History
Literature
Language
Science
Gaming
Entertainment
Religion
Holiday
For Kids
Quiz Lab
Recent
Popular Today
Quiz Kudos Today
Editor Picks
Curator Picks
Quizzes by...
Day
Popularity
Type
Ratings
Length
Year
Community
Subscriptions
Recent Discussions
Orange Saloon
Badges
Playlists
Quests
Create
Leaderboards
Showdown
Live 5
Trivia Bingo
Activity
Puzzle Library
Sporcle Events
Private Events
Virtual Trivia
Globe League
Become a Host
Pub Owners
SporcleCon
Opinionation
Our Games
Videos
Blog
Mobile Apps
Partnerships
Remove Ads and Go Orange
Feedback
Geography
Country
Landmarks
City
State
Population
World
Capital
Continent
Flags
Europe
Africa
Asia
South America
North America
Oceania
Border
Canada
United Kingdom
Topography
United States
Geography
Country
Landmarks
City
State
Population
World
Capital
Continent
Flags
Europe
Africa
Asia
South America
North America
Oceania
Border
Canada
United Kingdom
Topography
United States
Random Quiz
Search Sporcle
×
Quiz Lab
Quiz Lab
Geography
Federal
Type in answers that appear in a list
Type in answers that appear in a list
Classic
Best Score? Go Orange.
Subdivisions of Russia Stats
Can you name the Federal Subjects of Russia?
By
SonOfSibir
15m
83 Questions
231 Plays
231 Plays
231 Plays
Comments
Comments
Give Quiz Kudos
Give Quiz Kudos
-
- Ratings
hide this ad
Replay
Link that replays current quiz
Next Quiz
Link to next quiz in quiz playlist
You Got
0%
They Got
Avg Score
60%
Avg Friend Score
Upgrade to see
Score Distribution
Jump to the score distribution portion of the page
Score
0/83
Timer
15:00
0
Plays Today
Subject Type
Federal Subject
% Correct
Oblast
Moscow Oblast
94.8%
Federal City
Moscow
94.8%
Federal City
St. Petersburg
91.3%
Republic
Chechen Republic
85.3%
Republic
Sakha Republic
80.1%
Aut. Oblast
Jewish Autonomous Oblast
76.6%
Oblast
Murmansk Oblast
75.3%
Republic
Republic of Dagestan
74.9%
Oblast
Irkutsk Oblast
73.2%
Republic
Republic of Karelia
72.3%
Oblast
Volgograd Oblast
69.7%
Krai
Kamchatka Krai
69.3%
Oblast
Sakhalin Oblast
68.4%
Oblast
Kaliningrad Oblast
68%
Republic
Republic of Tatarstan
68%
Oblast
Omsk Oblast
67.5%
Krai
Krasnoyarsk Krai
67.5%
Oblast
Rostov Oblast
67.1%
Krai
Perm Krai
66.7%
Oblast
Nizhny Novgorod Oblast
66.2%
Oblast
Novosibirsk Oblast
66.2%
Oblast
Arkhangelsk Oblast
65.8%
Oblast
Leningrad Oblast
65.8%
Oblast
Novgorod Oblast
65.8%
Republic
Republic of North Ossetia-Alania
65.8%
Oblast
Samara Oblast
64.5%
Oblast
Magadan Oblast
64.1%
Republic
Tyva Republic
64.1%
Subject Type
Federal Subject
% Correct
Oblast
Astrakhan Oblast
63.6%
Oblast
Tomsk Oblast
63.6%
Republic
Altai Republic
62.8%
Krai
Altai Krai
62.8%
Republic
Republic of Ingushetia
61.9%
Krai
Krasnodar Krai
61.9%
Oblast
Voronezh Oblast
61.5%
Oblast
Saratov Oblast
60.2%
Oblast
Chelyabinsk Oblast
59.3%
Oblast
Ryazan Oblast
58.9%
Oblast
Smolensk Oblast
58.9%
Republic
Mari El Republic
58.9%
Oblast
Pskov Oblast
58.4%
Aut. Okrug
Nenets Autunomous Okrug
58.4%
Oblast
Bryansk Oblast
58%
Oblast
Tula Oblast
57.1%
Oblast
Vladimir Oblast
57.1%
Republic
Republic of Adygea
57.1%
Oblast
Amur Oblast
56.7%
Republic
Republic of Bashkortostan
56.7%
Oblast
Tver Oblast
56.3%
Republic
Udmurt Republic
55.8%
Krai
Primorsky Krai
55.8%
Oblast
Belgorod Oblast
55.4%
Krai
Khabarovsk Krai
55.4%
Aut. Okrug
Chukotka Autunomous Okrug
55.4%
Republic
Komi Republic
55%
Oblast
Orenburg Oblast
54.5%
Subject Type
Federal Subject
% Correct
Republic
Republic of Kalmykia
54.1%
Oblast
Kursk Oblast
53.7%
Oblast
Penza Oblast
52.4%
Oblast
Tyumen Oblast
52.4%
Oblast
Ulyanovsk Oblast
52.4%
Oblast
Vologda Oblast
52.4%
Krai
Zabaykalsky Krai
52.4%
Aut. Okrug
Yamalo-Nenets Autunomous Okrug
52.4%
Oblast
Kirov Oblast
51.9%
Oblast
Yaroslavl Oblast
51.9%
Oblast
Ivanovo Oblast
51.5%
Republic
Buryat Republic
51.5%
Republic
Kabardino-Balkar Republic
51.1%
Oblast
Sverdlovsk Oblast
50.6%
Republic
Chuvash Republic
50.6%
Krai
Stavropol Krai
50.6%
Republic
Republic of Mordovia
50.2%
Oblast
Lipetsk Oblast
49.8%
Oblast
Kurgan Oblast
49.4%
Oblast
Oryol Oblast
49.4%
Oblast
Kemerovo Oblast
48.9%
Oblast
Kostroma Oblast
48.9%
Oblast
Kaluga Oblast
48.1%
Republic
Karachay-Cherkess Republic
46.8%
Oblast
Tambov Oblast
46.3%
Aut. Okrug
Khanty-Mansi Autunomous Okrug
45%
Republic
Republic of Khakassia
42.4%
Quiz Playlist
Details
Report
Send in Message
Add To Playlist
Classic:
Type in answers that appear in a list
Quiz Source
Last Updated: Feb 16, 2017
Quiz Scoreboard
CHALLENGE
Sign Up to Join the Scoreboard
Show All
Scores
Hide
Comments
May contain spoilers
Recently Published
NBA Finals Game Top Scorers (2010s)
by flibbidy
Sports
5m
Guess the 'R' Things in 3 Words
by MSUKent
Miscellaneous
3m
Actor to Badly Drawn Movie III
by MoMosMoProblems
Movies
5m
More to Explore
Quiz From the Vault
Featured Blog Post
Where Does Lost Luggage Go?
hide this ad
You Might Also Like...
Tags
Administrative
Center
Federal
Federal Subjects
Russia
subject
Today's Top Quizzes in Geography
Browse Geography
hide this ad
Today's Top Quizzes in Federal
Browse Federal
Top Contributed Quizzes in Geography
1
Countries of the World - No Outlines Minefield
2
Find the Landmarks A-Z
3
Lietuvos savivaldybės (Lithuanian Municipalities)
4
Blind Ultimate Minefield: World
5
Ultimate Geography Challenge 'A'
6
Find the US States - No Outlines
7
3, 2, 1 or 0: Land Borders
8
Complete the Map Snippet (Minefield) IX
9
Complete the Map Snippet (Minefield) X
10
Nickname Match: U.S. States
Explore More
Trending Topics
NBA
Crossword
Harry Potter
Marvel
Kpop
Anime
Disney
Puzzle
WWE
Country
Pokémon
The Office
NFL
Song
Soccer
hide this ad
More By:
SonOfSibir
Quiz
Plays
Rating
Category
Featured
Created
US Mint Marks
19,691
4.11
Geography
Oct 14, 2009
Civil Wars Since 1550
685
4.60
History
Aug 13, 2011
Nations with Limited Recognition
662
4.44
Geography
Nov 27, 2009
Score Order: Concert Band
406
5.00
Music
Nov 27, 2012
Borrowed Words
326
4.40
Language
Oct 21, 2009
Go to Creator's Profile
Score Distribution
Quiz Creator Spotlight
SonOfSibir
Follow
Send a Message
Quizzes Created
-
Created Quiz Play Count
-
More By This Creator
Popular Quizzes Today
1
Find the US States - No Outlines Minefield
2
Find the US States
3
The Countries of the World
4
10 Largest US States in Order
5
Find the Countries of Europe - No Outlines Minefield
6
US States
7
Guess the 'R' Things in 3 Words
8
NBA Finals Game Top Scorers (2010s)
More Geography Quizzes
Leading Letter Map Grid: Europe
Published
Trending Quizzes
First Name TV: Leading Men
First Name TV: Leading Women Drama
Match the Book to the Film II
3-Word Movies in 1 Word II
Match the Book to the Film VI
Recently Updated
Women's Final Four Teams by Year
bhenderson79
Presidents Quartet II
eogle
Anything But Clue(do)
eogle
Anything But Oceanian Capitals
eogle
Anything But 7
eogle
Anything But Thing
eogle
Word Ladder: February 29
pecheneg
Song Title Questions
pecheneg
Women's NCAA Tournament #1 Seeds
pecheneg
Celebrity Mug Shots
pecheneg
Trending Topics
Marvel
Harry Potter
Anime
NBA
Kpop
Disney
Crossword
Country
Soccer
Puzzle
WWE
Pokémon
The Office
NFL
Song
Your Account Isn't Verified!
In order to create a playlist on Sporcle, you need to verify the email address you used during registration. Go to your
Sporcle Settings
to finish the process.
Report this User
Report this user for behavior that violates our
Community Guidelines
.
Details:
Send Report
Go to the Sporcle.com Mobile Site →
Comments